01281nab a2200325 uc450000100070000000500170000700800410002403500110006503500210007604000130009704100080011010000440011824501650016265000370032765000250036465000240038965000230041365000280043665000250046465000350048965000440052465000430056865000380061170000460064970000410069570000400073677301500077694200100092699900190093673265020250225143000.0020420e20011001 por  a732650 a(OCoLC)819942129 ccomduadb apor10aMendes, Antonio C. B.4auteaut935235310aInfeccao de Conotrachelus Humeropictus fiedler (Coleoptera : Curculionidae) por Metarhizium anisopliae (metsch.) sor e beauveria bassiana (bals.) vuill. no solo 7aControl biológico2lemb939078 7aInsectos2lemb94695 7aPlagas2lemb935530 7aHongos2dcs928228 aCacao - Cultivo9223368 aColeópteros952475 aCacao : Theobroma cacao982809 aCopoazu : Theobroma grandiflorum987238 aHongo : Metarhizium anisopliae9208713 aHongo : Beauveria bassiana96964510aMagalhaes, Bonifacio P.4auteaut952047210aOhashi, Orlando S.4auteaut935235410aBastos, Cleber N.4auteaut93523550 tActa Amazonica (Manaus)gVolumen 31, Número 04, Octubre-Diciembre 2001, p. 531-538w(CO-MdUADB)198142x0044-59670881289660264o61000003501778 cARIMP c228434d228434